000 00657nam a2200229Ia 4500
003 OSt
005 20221006164032.0
006 a|||||r|||| 00| 0
007 ta
008 221006b |||||||| |||| 00| 0 hin d
024 _a3,979
037 _cTextual
040 _aFML
_cFML
_bhin
041 _2hin
_ahin
082 _aO15, 2 : g, 152M5
100 _aKhan Mohd. Ismiel Au.
_9676482
245 0 _aSanskrit Naatya Siddhanto ke Anaalochit Paksh
260 _aNew Delhi
_bCricent Publication House India
_c1985
300 _a80
_ccm.
942 _hO15, 2 : g, 152M5
_cTEXL
_2CC
999 _c1116044
_d1116044